000 00244nam a2200097Ia 4500
001 682884
005 20250826161427.0
008 250824s9999 xx 000 0 und d
245 0 _aVATAN YAHUT İNTERNET
_cMUSTAFA KUTLU
260 _bDERGAH YAYINLARI
999 _c682884
_d682884